'E' Full Typing Challenge Quiz Stats

 Plays Quiz Updated Sep 6, 2019

Score 0/52 Timer 02:00
4 Plays Today
% Correct
bet
99.6%
the
99.3%
pie
99%
kept
98.7%
each
98.4%
steal
98.1%
sheep
97.9%
enter
97.8%
enemy
97.7%
elephant
97.5%
guess
97.5%
empire
97.4%
entity
97.3%
tii
95.1%
ici
94.9%
lig
94.5%
iyi
94.4%
ziro
94.2%
hick
94.2%
bail
93.8%
quiit
93.8%
griif
93.4%
piirci
91.7%
gintli
91.7%
ilimint
91.4%
friizi
91.3%
% Correct
dne
90.2%
vxe
89.7%
lee
88.8%
snde
88.6%
free
88.2%
scnee
87.3%
arthe
86.5%
gseee
85.4%
lmone
84.3%
agree
82.6%
vryee
80.9%
flceee
79.1%
nrgyee
77.1%
aime
73.7%
meome
70.1%
meimee
66.1%
lameb
64%
meemeo
59.9%
amemeo
57.2%
meash
54.8%
meale
52.5%
meimeic
48.4%
emepty
45.3%
cameel
42.8%
meemeory
38.5%
meamemeal
34.3%

You're not logged in!

Compare scores with friends on all Sporcle quizzes.
OR
Log In

Show Comments

Extras

Top Quizzes Today


Score Distribution

Your Account Isn't Verified!

In order to create a playlist on Sporcle, you need to verify the email address you used during registration. Go to your Sporcle Settings to finish the process.

Report this User

Report this user for behavior that violates our Community Guidelines.

Details: